[Event "Primorsko Dyuni op 1st"]
[Site "Primorsko"]
[Date "2016.05.23"]
[Round "6"]
[White "Momchev, Momchil"]
[Black "Ivanov, Ivan Mikov"]
[Result "1/2-1/2"]
[WhiteElo "1698"]
[BlackElo "2065"]
[PlyCount "86"]
[EventDate "2016.05.21"]
[EventType "swiss"]
[EventRounds "7"]
[EventCountry "BUL"]
[SourceTitle "CBM 172 Extra"]
[Source "ChessBase"]
[SourceDate "2016.06.21"]
[SourceVersion "1"]
[SourceVersionDate "2016.06.21"]
[SourceQuality "1"]

1. e4 d5 2. exd5 Qxd5 3. Nc3 Qa5 4. d4 Nf6 5. Nf3 Bg4 6. Bd2 c6 7. Be2 e6 8. Ne4 Qc7 9. Nxf6+ gxf6 10. c3 Nd7 11. Qc2 Bd6 12. h3 Bh5 13. Ng1 Bg6 14. Bd3 Nb6 15. Ne2 Nd5 16. g3 e5 17. 0-0-0 exd4 18. Nxd4 0-0-0 19. Nf5 Bc5 20. Rhf1 Ne7 21. Bf4 Qd7 22. Be4 Qe6 23. Nxe7+ Bxe7 24. Bxg6 fxg6 25. Rfe1 Qxa2 26. Rxd8+ Rxd8 27. Qe4 Bc5 28. Qe6+ Qxe6 29. Rxe6 Rf8 30. Be3 Bxe3+ 31. Rxe3 Kd7 32. Kc2 Re8 33. Rd3+ Kc7 34. Rf3 f5 35. g4 fxg4 36. Rf7+ Kb6 37. hxg4 h5 38. gxh5 gxh5 39. Rh7 Re2+ 40. Kb3 Rxf2 41. Rxh5 Rf6 42. Ka4 Ka6 43. Ra5+ Kb6 1/2-1/2

[Event "Primorsko Dyuni op 1st"]
[Site "Primorsko"]
[Date "2016.05.23"]
[Round "5"]
[White "Zhelev, Mavri"]
[Black "Ivanov, Ivan Mikov"]
[Result "1/2-1/2"]
[WhiteElo "1768"]
[BlackElo "2065"]
[PlyCount "83"]
[EventDate "2016.05.21"]
[EventType "swiss"]
[EventRounds "7"]
[EventCountry "BUL"]
[SourceTitle "CBM 172 Extra"]
[Source "ChessBase"]
[SourceDate "2016.06.21"]
[SourceVersion "1"]
[SourceVersionDate "2016.06.21"]
[SourceQuality "1"]

1. d4 Nf6 2. Nf3 d6 3. c3 g6 4. Nbd2 Bg7 5. e3 0-0 6. Be2 Nc6 7. b4 a6 8. 0-0 e5 9. Bb2 Re8 10. a4 exd4 11. exd4 Bg4 12. h3 Bf5 13. Re1 d5 14. Bf1 Ne4 15. Nxe4 Bxe4 16. Nd2 Bf5 17. Rxe8+ Qxe8 18. Qb3 Qd8 19. Re1 Ne7 20. Nf3 c6 21. Bc1 Nc8 22. Bf4 Nd6 23. Bg5 Bf6 24. Bxf6 Qxf6 25. Nh2 Ne4 26. Qb2 Re8 27. f3 Nd6 28. Rxe8+ Nxe8 29. b5 axb5 30. axb5 Qe7 31. Qf2 Nd6 32. bxc6 bxc6 33. Qd2 Kg7 34. Ng4 Bxg4 35. hxg4 h6 36. Bd3 Nc4 37. Bxc4 dxc4 38. g3 Qa3 39. Kf2 Qa1 40. Kg2 Qb1 41. Kf2 Qh1 42. Ke3 1/2-1/2